Мениджмънтът в следващото общество (Запис номер 65304)
[ съкратено ]
| 000 -Лидер | |
|---|---|
| Контролно поле с фиксирана дължина | 02439nam a2200469 c 4500 |
| 003 - Код на организацията, давaща контролен номер | |
| Контролно поле | BLK |
| 005 - Дата и час на последна редакция | |
| Контролно поле | 20250408144651.0 |
| 008 - Елементи от данни с фиксирана дължина | |
| fixed length control field | 180408b bul|||||r ||||||| ||bul|| |
| 010 ## - Наследен системен номер | |
| LC control number | KNG00069580000 |
| 020 ## - Международен стандартен номер на книга ISBN | |
| Международен стандартен номер на книга ISBN | 954-9964-87-6 |
| 040 ## - Източник на каталожния запис | |
| Идентификатор на билиотеката - собственик на записа | BLK |
| 041 ## - Код за език | |
| Код за езика на текст/звукозапис или на отделно заглавие | Български |
| Код за езика КДБФ | Български |
| 080 ## - УДК | |
| Текстов определител УДК | Методи на управление. Мениджмънт. Анализи, планиране, ръководство, сътрудничество, контрол, коопериране и др. |
| УДК код - определител по УДК | 005.5 |
| УДК - код + определител | 005.5 |
| 080 ## - УДК | |
| Текстов определител УДК | Международни икономически отношения. Външностопанска политика. Световно стопанство |
| УДК код - определител по УДК | 339.9 |
| УДК - код + определител | 339.9 |
| 080 ## - УДК | |
| Текстов определител УДК | Информационно общество |
| УДК код - определител по УДК | 316.324:681.3 |
| УДК - код + определител | 316.324:681.3 |
| 100 1# - Редна дума - Автор | |
| Автор | Дракър, Питър Фердинанд |
| Авторска отговорност | първи автор |
| R(LIN) | 65284 |
| 139 ## - Редно поле | |
| Редна дума | Дракър, Питър Фердинанд |
| Авторски знак | Драи - Д 87 |
| 245 10 - Сведения за заглавието | |
| Заглавие | Мениджмънтът в следващото общество |
| Редно поле (дума) | Питър Фердинанд Дракър; прев. от англ. Стою Керванбашиев; прев. от англ. Георги Маринов. |
| 257 ## - Страна на издаване | |
| Страна на създаване/издаване | Съединени американски щати |
| 260 ## - Област на издателските данни | |
| Име на издателя, разпространителя и проч. | Класика и Стил |
| Година на издаване | 2006 |
| Печатница | В. Търново : Абагар |
| 300 ## - Физическа характеристика | |
| Страници | 250 с. |
| Размери/Мащаб | 20 см |
| 380 ## - Жанр | |
| Жанр | Общ отдел |
| 490 1# - СЕРИИ (Колекции) | |
| Име на серия | Достъпно бизнес познание |
| 500 ## - Общи забележки | |
| Забележка | Ориг. загл. Managing in the next society / Peter F. Drucker. - Съдържа и Терминологични уточнения. - Азб. показалец. |
| 650 #4 - Допълнително описание по предмет – тема | |
| Основно описание – тема или топоним | Управление и организация |
| 9 (RLIN) | 265069 |
| 650 #4 - Допълнително описание по предмет – тема | |
| Основно описание – тема или топоним | Световно стопанство |
| 9 (RLIN) | 251664 |
| 650 #4 - Допълнително описание по предмет – тема | |
| Основно описание – тема или топоним | Информационно общество |
| 9 (RLIN) | 283573 |
| 653 ## - Ключова дума – ненормативна | |
| Ключова дума | информационно общество |
| 653 ## - Ключова дума – ненормативна | |
| Ключова дума | предприемачество |
| 653 ## - Ключова дума – ненормативна | |
| Ключова дума | иновации |
| 653 ## - Ключова дума – ненормативна | |
| Ключова дума | глобално развитие |
| 653 ## - Ключова дума – ненормативна | |
| Ключова дума | световно стопанство |
| 700 1# - Други автори (авторска отговорност) | |
| Лично име | Керванбашиев, Стою |
| Автороска отговорност (Описва отношението между автора и произведението) | прев. от англ. |
| 9 (RLIN) | 267109 |
| 700 1# - Други автори (авторска отговорност) | |
| Лично име | Маринов, Георги |
| Автороска отговорност (Описва отношението между автора и произведението) | прев. от англ. |
| Друга информация | Георгиев, Георги Маринов |
| 9 (RLIN) | 363694 |
| 852 ## - Местоположение | |
| Форматна сигнатура | Цб 230137 |
| 856 4# - Електронен адрес и достъп | |
| Електронен формат | pdf - файл |
| 856 4# - Електронен адрес и достъп | |
| Електронен формат | pdf - файл |
| 999 ## - СИСТЕМНИ КОНТРОЛНИ НОМЕРА | |
| Koha biblionumber | 65304 |
| Koha biblioitemnumber | 65304 |
| 942 ## - АРТИКУЛИ | |
| Вид на библиотечния материал | Книги |
| Скрит в OPAC | Не |
| Koha issues (borrowed), all copies | 13 |
| Периодичен библиозапис | Да |
| 944 ## - СЪЗДАВАНЕ И РЕДАКЦИЯ на ЗАПИСА | |
| Създаване/Редакция | Създаване |
| Дата на регистрацията/редакция | 21.11.2006 |
| Служител, извършил регистрацията/редакцията | 30576 |
| Статус, дата на статуса | Цветомила Тодорова |
| 944 ## - СЪЗДАВАНЕ И РЕДАКЦИЯ на ЗАПИСА | |
| Създаване/Редакция | Редакция |
| Дата на регистрацията/редакция | 27.11.2012 |
| 999 ## - СИСТЕМНИ КОНТРОЛНИ НОМЕРА | |
| Koha biblioitemnumber | 65304 |
| Код за отписване | Код за изгубен артикул | Източник на класификационната схема | Код за повреда | Коз за рестрикции | Код за отдаване | Артикулен № | Име на библиотеката - собственик | Име на библиотеката, в която се намира в момента | Статус (Текущо местоположение) | Дата на вписване в системата | Местоположение - отдел | Цена в лева | Инвентарен номер | Систематично азбучна сигнатура | Баркод | Номер на екземпляра | Цена в евро | Служебна бележка | Служебен тип на артикула |
|---|---|---|---|---|---|---|---|---|---|---|---|---|---|---|---|---|---|---|---|
| Не е изгубен | Universal Decimal Classification | Не е повреден | само за читалня | ползва се в читалня | 107690 | Регионална библиотека "Любен Каравелов" Русе | Регионална библиотека "Любен Каравелов" Русе | Читалня | 2006-11-21 | Читалня | 18.00 | 120000706859 | Ч 005/Д 87 | 120000706859 | 1 | 9.20 | Дост: Pk Вид: Ф N: 45914 Дата: 16.11.2006 Дата инв: 23.03.2017 Бележки инв: Ч2017 | Книги | |
| Не е изгубен | Universal Decimal Classification | Не е повреден | без рестрикции | заемане за дома | 107691 | Регионална библиотека "Любен Каравелов" Русе | Регионална библиотека "Любен Каравелов" Русе | Заемна - подръчен фонд | 2006-12-20 | Заемна - подръчен фонд | 18.00 | 120000707683 | 005.5/Д 87 | 120000707683 | 2 | 9.20 | Дост: Pk Вид: Ф N: 47400 Дата: 18.12.2006 Дата инв: 06.02.2018 Бележки инв: П2018 | Книги | |
| Не е изгубен | Не е повреден | без рестрикции | ползва се в читалня | 107692 | Регионална библиотека "Любен Каравелов" Русе | Регионална библиотека "Любен Каравелов" Русе | Хранилище | 2007-06-27 | Хранилище | 18.00 | 120000714955 | Цб 230137 | 120000714955 | 3 | 9.20 | Дост: Dp Вид: Д N: 5 Дата: 20.12.2006 | Книги | ||
| Не е изгубен | Universal Decimal Classification | Не е повреден | без рестрикции | заемане за дома | 107693 | Регионална библиотека "Любен Каравелов" Русе | Регионална библиотека "Любен Каравелов" Русе | Дубликат | 2007-10-05 | Заемна - подръчен фонд | 18.00 | 120000717581 | 005.5/Д 87 | 120000717581 | 4 | 9.20 | Дост: Pk Вид: Ф N: 9214 Дата: 01.10.2007 Дата инв: 06.02.2018 Бележки инв: П2018 | Книги | |
| Изтеглен | Не е изгубен | Universal Decimal Classification | Не е повреден | без рестрикции | заемане за дома | 107694 | Регионална библиотека "Любен Каравелов" Русе | Регионална библиотека "Любен Каравелов" Русе | Заемна - подръчен фонд | 2007-10-05 | Заемна - подръчен фонд | 18.00 | 120000717582 | 005.5/Д 87 | 120000717582 | 5 | 9.20 | Дост: Pk Вид: Ф N: 9214 Дата: 01.10.2007 Дата инв: 06.02.2018 Бележки инв: П2018 | Книги |
| Не е изгубен | Universal Decimal Classification | Не е повреден | без рестрикции | заемане за дома | 107695 | Регионална библиотека "Любен Каравелов" Русе | Регионална библиотека "Любен Каравелов" Русе | Заемна - подръчен фонд | 2007-10-05 | Заемна - подръчен фонд | 18.00 | 120000717583 | 005.5/Д 87 | 120000717583 | 6 | 9.20 | Дост: Pk Вид: Ф N: 9214 Дата: 01.10.2007 Дата инв: 06.02.2018 Бележки инв: П2018 | Книги |